[Event "NED-chT 0506"]
[Site "Netherlands"]
[Date "2005.11.05"]
[Round "3.4"]
[White "Geirnaert, Steven"]
[Black "Van Dongen, Cor"]
[Result "1-0"]
[WhiteElo "2357"]
[BlackElo "2291"]
[PlyCount "55"]
[EventDate "2005.09.24"]
[EventType "team"]
[EventRounds "9"]
[EventCountry "NED"]
[SourceTitle "EXT 2007"]
[Source "ChessBase"]
[SourceDate "2006.11.23"]
[SourceVersion "1"]
[SourceVersionDate "2006.11.23"]
[SourceQuality "1"]
[WhiteTeam "Sas van Gent"]
[BlackTeam "Tilburg"]
[WhiteTeamCountry "NED"]
[BlackTeamCountry "NED"]

1. e4 e6 2. d4 d5 3. exd5 exd5 4. c4 Nf6 5. Nf3 Be7 6. Nc3 0-0 7. Be2 dxc4 8. Bxc4 Bg4 9. 0-0 Nbd7 10. h3 Bh5 11. Re1 c6 12. g4 Bg6 13. Ne5 Nxe5 14. dxe5 Nd7 15. f4 Bc5+ 16. Be3 Qh4 17. Qf3 Rae8 18. Bxc5 Nxc5 19. Re3 h6 20. f5 Bh7 21. b4 Na6 22. a3 Kh8 23. Rd1 Nb8 24. Qf4 g5 25. Qd4 Re7 26. e6+ f6 27. Ne4 Kg7 28. Nxf6 1-0

[Event "NED-ch U20"]
[Site "Nijmegen"]
[Date "2002.04.30"]
[Round "2.7"]
[White "Van Dongen, Cor"]
[Black "Koster, Ramon H"]
[Result "1/2-1/2"]
[WhiteElo "2239"]
[BlackElo "2249"]
[PlyCount "122"]
[EventDate "2002.04.??"]
[EventType "swiss"]
[EventRounds "9"]
[EventCountry "NED"]
[SourceTitle "EXT 2003"]
[Source "ChessBase"]
[SourceDate "2002.11.25"]
[SourceVersion "1"]
[SourceVersionDate "2002.11.25"]
[SourceQuality "1"]

1. c4 Nf6 2. Nc3 d5 3. cxd5 Nxd5 4. g3 g6 5. Bg2 Nxc3 6. bxc3 Bg7 7. Rb1 c6 8. Nf3 0-0 9. 0-0 Qa5 10. Qc2 Nd7 11. c4 Re8 12. d3 e5 13. Bd2 Qc7 14. Bb4 Nf6 15. Nd2 Bf5 16. Bc3 Rab8 17. h3 h5 18. e4 Bd7 19. f4 Nh7 20. f5 Rbd8 21. g4 hxg4 22. hxg4 Ng5 23. Nf3 Nxf3+ 24. Rxf3 gxf5 25. gxf5 Bf6 26. Qf2 c5 27. Bd2 Kf8 28. Bh6+ Ke7 29. Rxb7 Qd6 30. Be3 Rc8 31. Rxa7 Rg8 32. Ra5 Ke8 33. Bxc5 Qb8 34. Bb6 Bh4 35. Qb2 f6 36. Ra3 Kf7 37. Rb3 Ba4 38. Rb4 Bd1 39. Rh3 Be1 40. Rh7+ Rg7 41. Rxg7+ Kxg7 42. Rb5 Ba4 43. Rd5 Bc6 44. Rc5 Bc3 45. Qb3 Bd4+ 46. Kf1 Qb7 47. Rxc6 Qxc6 48. Bxd4 exd4 49. e5 Qc7 50. Qb7 fxe5 51. Qa6 Rb8 52. Qg6+ Kh8 53. Qh6+ Qh7 54. Qf6+ Qg7 55. Qh4+ Kg8 56. Bd5+ Kf8 57. f6 Rb1+ 58. Ke2 Rb2+ 59. Kf1 Rb1+ 60. Ke2 Rb2+ 61. Kf1 Rb1+ 1/2-1/2